| 000 | 00777nam a2200265 i 4500 | ||
|---|---|---|---|
| 001 | 9056 | ||
| 003 | ES-MaACL | ||
| 005 | 20250815074329.0 | ||
| 007 | t| | ||
| 008 | 930202s1990 sp |||| | spa d | ||
| 020 | _a84-87527-00-0 | ||
| 080 | _a001.891(46) | ||
| 080 | _a001.891:6 | ||
| 080 | _a6:001.891 | ||
| 245 | 0 | 0 | _aCiencia y cambio tecnológico en España. |
| 260 |
_aMadrid : _bFundación 1º de Mayo, _c[1990] |
||
| 300 |
_a375 p. ; _c22 cm. |
||
| 490 | 1 | _aÁrea de ciencia y tecnología | |
| 650 | 4 |
_aInnovaciones tecnológicas- _zEspaña. _9153571 |
|
| 650 | 1 | 4 |
_aInvestigación- _zEspaña. _913893 |
| 710 | 2 |
_aFundación 1º de Mayo. _94209 |
|
| 830 | 0 | 0 |
_aÁrea de ciencia y tecnología _9228020 |
| 852 |
_aES-MaACL _jL-16509 |
||
| 999 |
_c9056 _d9056 |
||